Madagascar Escape 2 Africa

Bibliographic Details
Other Authors: Herman, Gail
Format: Book
Published: London : HarperCollins Children's Books , 2008
Series:I can read! ; reading 2 with help
Subjects:

MARC

LEADER 00000cam a2200000 7i4500
001 0000024261
005 20151222.0
008 081211
020 |a 0007284382 
090 0 0 |a JF   |b ENG 
245 1 0 |a Madagascar Escape 2 Africa   |c adapted by Gail Herman 
260 |a London :   |b HarperCollins Children's Books ,   |c 2008 
440 |a I can read! ; reading 2 with help 
500 |a Children ages 7-9 years old (orange) 
650 0 |a Children stories, English 
700 1 |a Herman, Gail 
999 |a 0001038783   |b Book   |c Children Collection   |e Perbadanan Perpustakaan Awam Johor